Statistics for Национальные парки в России

Click here to take the quiz!

General Stats

  • This quiz has been taken 21 times
  • The average score is 12 of 64

Answer Stats

Национальный парк% Correct
Лосиный остров
50%
Кисловодский
39%
Зов тигра
33%
Алханай
33%
Алания
28%
Орловское Полесье
28%
Нечкинский
28%
Куршская коса
28%
Кенозерский
28%
Калевальский
28%
Зюраткуль
28%
Нижняя Кама
28%
Земля леопарда
28%
Бузулукский бор
28%
Забайкальский
28%
Анюйский
28%
Водлозерский
28%
Валдайский
28%
Башкирия
28%
Берингия
28%
Зигальга
22%
Онежское Поморье
22%
Марий Чодра
22%
Бикин
22%
Мещёра
22%
Крымский
22%
Красноярские Столбы
22%
Койгородский
22%
Кодар
22%
Кыталык
22%
Гыданский
22%
Завидово
22%
Ладожские шхеры
17%
Русская Арктика
17%
Таганай
17%
Самарская Лука
17%
Угра
17%
Сайлюгемский
17%
Русский Север
17%
Плещеево озеро
17%
Приэльбрусье
17%
Прибайкальский
17%
Ленские столбы
17%
Паанаярви
17%
Мещёрский
17%
Себежский
17%
Смоленское Поозерье
11%
Припышминские боры
11%
Сенгилеевские горы
11%
Самурский
11%
Салаир
11%
Смольный
6%
Сочинский
6%
Токинско-Становой
6%
Тункинский
6%
Удэгейская легенда
6%
Чикой
6%
Хвалынский
0%
Хибины
0%
Чаваш Вармане
0%
Шантарские острова
0%
Шорский
0%
Шушенский бор
0%
Югыд Ва
0%

Score Distribution

Percentile by Number Answered

Percent of People with Each Score

Your Score History

You have not taken this quiz